|
|
|
|
| LEADER |
00000cam a2200000 7i4500 |
| 001 |
0000321565 |
| 005 |
20241114114214.0 |
| 006 |
m ### ##### |
| 007 |
cd# |
| 008 |
2s2015 my g d s may |
| 040 |
|
|
|a MBPJ
|b eng
|c MBPJ
|e rda
|
| 090 |
0 |
|
|a ADV 180
|
| 110 |
2 |
|
|a Majlis Bandaraya Petaling Jaya
|e issuing body
|
| 245 |
0 |
0 |
|a AGENDA MESYUARAT JAWATANKUASA KEMASYARAKATAN, PERKHIDMATAN, KORPORAT DAN TEKNOLOGI MAKLUMAT, MBPJ .
|n BILANGAN 12 TAHUN 2015 (PENGGAL 2014/2015)
|c Majlis Bandaraya Petaling Jaya
|
| 264 |
|
0 |
|a Petaling Jaya :
|b Majlis Bandaraya Petaling Jaya
|c 2015
|
| 300 |
|
|
|a 1 CD-ROM 52X (700MB/80 minutes)
|
| 336 |
|
|
|a text
|2 rdacontent
|
| 337 |
|
|
|a computer
|2 rdamedia
|
| 338 |
|
|
|a computer disc
|2 rdacarrier
|
| 347 |
|
|
|a text file
|b PDF
|2 rda
|
| 500 |
|
|
|a Dokumen terbitan MBPJ - Audio visual minit mesyuarat MBPJ -SULIT
|
| 500 |
|
|
|a Mesyuarat J/K Kemasyarakatan, Perkhidmatan, Korporat dan Teknologi Maklumat, MBPJ Pada 14 Disember 2015 (Isnin) - 9.30 pagi; Bilik Inai Merah (IT), MBPJ
|
| 500 |
|
|
|a Urusetia 041/3
|
| 999 |
|
|
|a BA4460/24
|b AUDIO VISUAL
|c KOLEKSI BAHAN ARKIB
|e PERPUSTAKAAN KOMUNITI PETALING JAYA
|